aatankvad aur aantarik suraksha (Record no. 2282)

MARC details
000 -LEADER
fixed length control field 00461nam a2200169Ia 4500
008 - FIXED-LENGTH DATA ELEMENTS--GENERAL INFORMATION
fixed length control field 230917s9999||||xx |||||||||||||| ||und||
020 ## - ISBN
Price RS 350.00
040 ## - CATALOGING SOURCE
-- 5000081
Original cataloging agency VIVEKANANDA LIBRARY
041 ## - Language
-- English
082 ## - DDC NUMBER
Classification number 363.325 S23A
100 ## - MAIN ENTRY--PERSONAL NAME
Personal name Sharma, Vishnu Kant
245 #0 - TITLE STATEMENT
Title aatankvad aur aantarik suraksha
260 ## - PUBLICATION, DISTRIBUTION, ETC. (IMPRINT)
Place of publication, distribution, etc Bareli
Name of publisher, distributor, etc Prakash Book Depot
Date of publication, distribution, etc 2019
300 ## - PHYSICAL DESCRIPTION
Pages xii, 243 p.
500 ## - GENERAL NOTE
General note 4080 27/09/2021 HBD21/8870 14/10/2021 Main Budget
942 ## - ADDED ENTRY ELEMENTS (KOHA)
Koha item type Books
Holdings
Withdrawn status Lost status Damaged status Not for loan Location (home branch) Sublocation or collection (holding branch) Date acquired Koha issues (times borrowed) Koha full call number Accession No. Koha date last seen Koha item type
        VIVEKANANDA LIBRARY VIVEKANANDA LIBRARY 08/12/2021   363.325 S23A 397604 17/09/2023 Books
        VIVEKANANDA LIBRARY VIVEKANANDA LIBRARY 08/12/2021   363.325 S23A 397605 17/09/2023 Books
© Designed and Maintained by Vivekananda Library, MDU Rohtak